000 00573nam a22001817a 4500
005 20170421145919.0
010 _aENG-117925
020 _c600.00
_a9789351868286
035 _aEN-101457
037 _bDBAD/PUB
100 _aScindia,Rajmata Vijayaraje
245 _aRoyal to public life /
_cby Rajmata Vijayaraje Scindia [and] Mridula Sinha
260 _aNew Delhi
_bPrabhat Prakashan
_c2016
270 _a4/19 Asaf Ali Road,
_bNew Delhi (India)
_e110002
300 _a318p.;
_c22cm(Hb)
_bill.
700 _aSinha,Mridula
942 _2ddc
_cEN
_h921
_mSCI
999 _c139197
_d139197